[Event "Chigorin Memorial 2014"]
[Site "St Petersburg RUS"]
[Date "2014.10.22"]
[Round "5.54"]
[White "Hayrapetyan, Hovik"]
[Black "Miroshnichenko, Pavel"]
[Result "1-0"]
[WhiteTitle "GM"]
[WhiteElo "2426"]
[BlackElo "2270"]
[WhiteFideId "13302639"]
[BlackFideId "4188659"]
[EventDate "2014.10.18"]

1. d4 d5 2. Nf3 Nf6 3. e3 g6 4. c4 Bg7 5. Nc3 c6 6. Bd3 O-O 7. O-O Bg4 8. h3
Bxf3 9. Qxf3 dxc4 10. Bxc4 Nbd7 11. Rd1 Qc7 12. Bb3 e5 13. Ne2 exd4 14. Nxd4
Rad8 15. Bd2 c5 16. Nb5 Qb6 17. Na3 Ne5 18. Qe2 Ne4 19. Be1 Nd6 20. f4 Nc6 21.
Bh4 Rd7 22. Nc4 Qa6 23. Qf1 Nb8 24. Nxd6 Rxd6 25. Be7 Rxd1 26. Rxd1 Qxf1+ 27.
Kxf1 Rc8 28. Bd5 b6 29. b3 Re8 30. Bd6 Bf8 31. Bc7 Na6 32. Be5 Bg7 33. Bc6 Rf8
34. Bb5 Bxe5 35. Bxa6 Bf6 36. Rd7 Re8 37. Kf2 Re7 38. Rd8+ Kg7 39. Ra8 h5 40. g3
Bc3 41. Kf3 Rd7 42. Bb5 Re7 43. e4 Be1 44. Bc4 h4 45. gxh4 Bxh4 46. e5 Be1 47.
a4 Bd2 48. Rd8 Bc1 49. Kg4 Bb2 50. Rd6 Bc3 51. h4 Bb2 52. h5 gxh5+ 53. Kxh5 Bc1
54. Kg4 Be3 55. Kf3 Bd4 56. Ke4 Kf8 57. Kd5 Bb2 58. Kc6 Bc1 59. Rf6 Ke8 60.
Bxf7+ Rxf7 61. Rxf7 Kxf7 62. Kd7 c4 63. e6+ 1-0

[Event "Chigorin Memorial 2014"]
[Site "St Petersburg RUS"]
[Date "2014.10.22"]
[Round "5.55"]
[White "Erzhanov, Arman"]
[Black "Petrosyan, Tigran S."]
[Result "0-1"]
[WhiteTitle "FM"]
[BlackTitle "FM"]
[WhiteElo "2278"]
[BlackElo "2426"]
[WhiteFideId "4138821"]
[BlackFideId "13303678"]
[EventDate "2014.10.18"]

1. e4 e5 2. Nf3 Nc6 3. Bb5 a6 4. Bxc6 dxc6 5. O-O Ne7 6. Nxe5 Qd4 7. Qh5 g6 8.
Nf3 Qxe4 9. Qa5 Qf4 10. d3 Qd6 11. Nbd2 Nd5 12. Re1+ Be7 13. Nc4 Qb4 14. Bg5
Qxa5 15. Nxa5 f6 16. Bd2 c5 17. Re2 Kf7 18. Rae1 Re8 19. a3 b6 20. Nc6 Bb7 21.
Nxe7 Nxe7 22. Bf4 Bxf3 23. gxf3 Nd5 24. Bg3 Rxe2 25. Rxe2 Rc8 26. Kf1 Ne7 27.
Re4 Nf5 28. c3 Ng7 29. Rh4 h5 30. Ra4 a5 31. d4 Ne6 32. dxc5 Nxc5 33. Rd4 a4 34.
Bf4 Ne6 35. Rb4 Ra8 36. Be3 f5 37. f4 Ra5 38. b3 axb3 39. Rxb3 Ra4 40. Bc1 Nxf4
41. Rb4 Rxb4 42. axb4 Nd3 43. Bg5 Ke6 44. Ke2 Ne5 45. Bd8 Kd7 46. Bf6 Kd6 47. h4
b5 48. Bg7 Nf7 49. f4 Kd5 50. Kd3 Nd8 51. Be5 Ne6 52. Ke3 Kc4 53. Kd2 c6 54. Kc2
Kd5 55. Kd3 g5 56. hxg5 Nxg5 57. Bf6 Ne6 58. Ke3 Kc4 59. Be5 h4 60. Kf3 Kd3 61.
Bf6 h3 62. Kg3 Ke4 0-1

[Event "Chigorin Memorial 2014"]
[Site "St Petersburg RUS"]
[Date "2014.10.22"]
[Round "5.56"]
[White "Tunik, Gennady"]
[Black "Solovyov, Viktor"]
[Result "1/2-1/2"]
[WhiteTitle "GM"]
[WhiteElo "2417"]
[BlackElo "2266"]
[WhiteFideId "4101219"]
[BlackFideId "4102754"]
[EventDate "2014.10.18"]

1. d4 Nf6 2. c4 e6 3. Nf3 Bb4+ 4. Bd2 Qe7 5. g3 Nc6 6. Nc3 O-O 7. Bg2 Na5 8. b3
b6 9. O-O Bb7 10. Qc2 h6 11. Rfe1 c5 12. e4 cxd4 13. Nxd4 Bc5 14. Nf3 Ng4 15.
Nd1 Nc6 16. Ne3 Nxe3 17. Bxe3 d6 18. Rad1 Rad8 19. Qb2 e5 20. Bd2 Nd4 21. Nxd4
Bxd4 22. Bc3 Bxc3 23. Qxc3 Qc7 24. Rd3 Rfe8 25. Bh3 Kf8 26. Bg4 Qc5 27. Qd2 a5
28. h4 Ke7 29. h5 Ra8 30. Bf5 Red8 31. Rb1 Qc7 32. Kg2 Rg8 33. Re1 Rad8 34. a3
Bc6 35. b4 axb4 36. axb4 Ra8 37. f4 f6 38. Rd1 Rgd8 39. Kh3 Be8 40. fxe5 dxe5
41. Qe2 Rxd3 42. Rxd3 Rd8 43. Rxd8 Qxd8 44. Qg4 Kf8 45. Bg6 Bd7 46. Bf5 Be8 47.
Bg6 Bd7 48. Bf5 1/2-1/2

[Event "Chigorin Memorial 2014"]
[Site "St Petersburg RUS"]
[Date "2014.10.22"]
[Round "5.57"]
[White "Khusenkhojaev, Muhammad"]
[Black "Guzenko, Artem"]
[Result "1/2-1/2"]
[WhiteTitle "IM"]
[WhiteElo "2416"]
[BlackElo "2258"]
[WhiteFideId "14700247"]
[BlackFideId "24144460"]
[EventDate "2014.10.18"]

1. Nf3 Nf6 2. c4 c5 3. Nc3 e6 4. g3 b6 5. Bg2 Bb7 6. O-O Be7 7. d4 cxd4 8. Qxd4
d6 9. Rd1 a6 10. Bg5 Nbd7 11. Qd2 Qc7 12. Bf4 Rc8 13. Rac1 O-O 14. Bxd6 Qxd6 15.
Qxd6 Bxd6 16. Rxd6 Rxc4 17. Ne5 Nxe5 18. Bxb7 Rb4 19. b3 a5 20. Rb1 Rb8 21. f4
Ne8 22. Rdd1 Nc4 23. bxc4 Rxb7 24. Rxb4 axb4 25. Rd8 Kf8 26. Nb5 Ke7 27. Rxe8+
Kxe8 28. Nd6+ Kd7 29. Nxb7 Kc7 30. Kf2 Kxb7 31. Ke3 Kc6 32. Kd4 f6 33. g4 Kd6
34. g5 fxg5 35. fxg5 g6 36. Ke4 e5 37. Ke3 Ke6 38. Ke4 Kd6 39. Ke3 Kc5 40. Ke4
Kd6 41. Ke3 Ke6 42. Kd3 Kd6 43. Ke4 Ke6 1/2-1/2

[Event "Chigorin Memorial 2014"]
[Site "St Petersburg RUS"]
[Date "2014.10.22"]
[Round "5.58"]
[White "Melnikov, Dmitry"]
[Black "Ponomarev, Dmitry"]
[Result "0-1"]
[WhiteTitle "FM"]
[BlackTitle "IM"]
[WhiteElo "2260"]
[BlackElo "2413"]
[WhiteFideId "4146468"]
[BlackFideId "24112046"]
[EventDate "2014.10.18"]

1. f4 d5 2. Nf3 g6 3. g3 c6 4. Bg2 Qb6 5. e3 Bg7 6. Nc3 Nh6 7. O-O Nf5 8. Kh1 h5
9. e4 dxe4 10. Nxe4 h4 11. Nxh4 Nxh4 12. gxh4 Bf5 13. Qe1 Bxe4 14. Qxe4 Nd7 15.
a4 Qc5 16. a5 a6 17. b4 Qd6 18. Ra3 Rxh4 19. Rd3 Qc7 20. Ba3 Nf6 21. Qe1 Rh5 22.
b5 Rxb5 23. Bxe7 Qxe7 24. Re3 Qxe3 25. dxe3 O-O-O 26. e4 Nd7 27. e5 Kc7 28. c4
Rb2 29. Qc3 Ra2 30. Rd1 Bf8 31. Qb3 Ra3 32. Qb2 Bc5 33. Rb1 Rb8 34. Qd2 Rd8 35.
Rd1 Be7 36. Qe2 Nc5 37. Rxd8 Kxd8 38. Be4 Kc7 39. f5 Rxa5 40. f6 Bd8 41. Bxg6
Nd7 42. Bxf7 Rxe5 43. Qf2 Bxf6 44. Qf4 Be7 45. h4 Bd6 46. Qf2 Re4 47. c5 Bxc5
48. Qh2+ Bd6 49. Qh3 Ne5 50. Be6 Ng6 51. Qf1 Rxh4+ 52. Kg2 Nf4+ 53. Kg3 Rh7 54.
Ba2 Nd5+ 0-1

[Event "Chigorin Memorial 2014"]
[Site "St Petersburg RUS"]
[Date "2014.10.22"]
[Round "5.59"]
[White "Gogolev, Artem"]
[Black "Delemarre, Jop"]
[Result "1-0"]
[BlackTitle "IM"]
[WhiteElo "2253"]
[BlackElo "2399"]
[WhiteFideId "4116615"]
[BlackFideId "1003704"]
[EventDate "2014.10.18"]

1. Nf3 g6 2. c4 Bg7 3. Nc3 d6 4. d4 Nd7 5. e4 e5 6. Be2 Ngf6 7. O-O O-O 8. Be3
Qe7 9. dxe5 dxe5 10. Nd5 Qd8 11. Qc2 Ng4 12. Bg5 f6 13. Bd2 c6 14. Ne3 Nxe3 15.
Bxe3 f5 16. Rad1 Qe7 17. Bg5 Qe8 18. c5 Kh8 19. Rd6 f4 20. Bc4 Nf6 21. Rfd1 h6
22. Bxf6 Bxf6 23. Qb3 g5 24. Be6 Be7 25. R6d2 Bxc5 26. Bxc8 Rxc8 27. Qxb7 Bd4
28. Nxd4 exd4 29. Rxd4 Rb8 30. Qxa7 Rxb2 31. Rd7 Qe5 32. h3 f3 33. gxf3 Qc3 34.
Rh7+ Kg8 35. Rxh6 Qg7 36. Qxg7+ Kxg7 37. Rxc6 Rxf3 38. Rd7+ Rf7 39. Rxf7+ Kxf7
40. a3 Rb3 41. Kg2 Rxa3 42. f3 Kg7 43. Kg3 Ra1 44. h4 gxh4+ 45. Kxh4 Rg1 46. Kh3
Kf7 47. Kh2 Rg8 48. Rh6 Ke7 49. Rh4 Ke6 50. Rg4 Rf8 51. Kg3 Ke5 52. Rg5+ Kd4 53.
Rf5 Rh8 54. Kf4 Rh4+ 55. Kg5 Rh8 56. Kf6 Rh6+ 57. Kg7 Ra6 58. e5 Re6 59. f4 Ke4
60. Rf6 Re7+ 61. Kf8 1-0

[Event "Chigorin Memorial 2014"]
[Site "St Petersburg RUS"]
[Date "2014.10.22"]
[Round "5.60"]
[White "Sergienko, Sergey"]
[Black "Severina, Maria"]
[Result "1/2-1/2"]
[WhiteTitle "IM"]
[BlackTitle "WIM"]
[WhiteElo "2380"]
[BlackElo "2229"]
[WhiteFideId "4115791"]
[BlackFideId "4116909"]
[EventDate "2014.10.18"]

1. d4 Nf6 2. Nf3 e6 3. Bf4 b6 4. e3 Bb7 5. Be2 Be7 6. h3 c5 7. c3 O-O 8. Nbd2
cxd4 9. exd4 d6 10. O-O Nbd7 11. Re1 Qc7 12. Bd3 Rfe8 13. Bh2 Nf8 14. Rc1 Rac8
15. Qe2 Ng6 16. Bb5 Bc6 17. a4 Ra8 18. Ra1 Qd7 19. Nb3 a6 20. Bxc6 Qxc6 21. Nc1
b5 22. axb5 axb5 23. Nd3 Nd5 24. Nd2 Ra6 25. Rxa6 Qxa6 26. Bg3 Ra8 27. Qe4 Nf6
28. Qf3 Qc8 29. h4 h6 30. h5 Nf8 31. Bh4 Ra2 32. Bxf6 Bxf6 33. d5 e5 34. Ne4 Be7
35. Ng3 Nd7 36. Nf5 Bf8 37. Qg4 Kh8 38. Ng3 Qc7 39. Qe2 Ra8 40. Nb4 Nf6 41. Rd1
Qb6 42. Nf5 Qc5 43. g4 Re8 44. Ne3 Ra8 45. Qf3 Kg8 46. Kg2 Nh7 47. Qf5 Qc7 48.
Qd3 Qc5 49. Qf1 Be7 50. Ra1 Rxa1 51. Qxa1 Bg5 52. Qa8+ Nf8 53. Na6 Qb6 54. Nf5
g6 55. hxg6 fxg6 56. Qc6 Qa5 57. Nxd6 Qa4 58. Nb4 Qd1 59. Qc8 Be7 60. Ne4 Bxb4
61. cxb4 Qxd5 62. f3 Qd3 63. Qc5 Qe2+ 64. Kg3 Qe1+ 65. Kg2 Qe2+ 1/2-1/2

[Event "Chigorin Memorial 2014"]
[Site "St Petersburg RUS"]
[Date "2014.10.22"]
[Round "5.61"]
[White "Schekachikhin, Maksim"]
[Black "Lobanov, Sergei"]
[Result "1-0"]
[WhiteElo "2233"]
[BlackElo "2377"]
[WhiteFideId "24177830"]
[BlackFideId "24183750"]
[EventDate "2014.10.18"]

1. e4 c5 2. Nf3 d6 3. d4 cxd4 4. Nxd4 Nf6 5. Nc3 Nc6 6. Bg5 e6 7. Qd2 a6 8.
O-O-O Bd7 9. f4 b5 10. Bxf6 gxf6 11. Kb1 b4 12. Nce2 Qb6 13. Nxc6 Bxc6 14. f5 e5
15. Ng3 h5 16. h4 Qc5 17. Bd3 a5 18. Qe2 a4 19. Bc4 Ke7 20. b3 Ra7 21. Rd3 Bg7
22. Rhd1 axb3 23. cxb3 Rha8 24. R3d2 Bh6 25. Rc2 Qe3 26. Qxh5 Ke8 27. Qf3 Ke7
28. Qh5 Ke8 29. Qg4 Ke7 30. Re2 Qf4 31. Qxf4 Bxf4 32. Nh5 Bh6 33. Nxf6 Bb7 34.
g4 Bf4 35. Nd5+ Bxd5 36. Bxd5 Rh8 37. g5 Rxh4 38. Rg2 Rc7 39. f6+ Ke8 40. g6
fxg6 41. Rxg6 Rh8 42. Rg7 Rc8 43. Be6 1-0

[Event "Chigorin Memorial 2014"]
[Site "St Petersburg RUS"]
[Date "2014.10.22"]
[Round "5.62"]
[White "Gritsayeva, Oksana"]
[Black "Kostyuchenko, Vladimir"]
[Result "1/2-1/2"]
[WhiteTitle "WFM"]
[WhiteElo "2364"]
[BlackElo "2169"]
[WhiteFideId "14104652"]
[BlackFideId "4126084"]
[EventDate "2014.10.18"]

1. e4 c5 2. Nf3 Nc6 3. Bb5 Nf6 4. Bxc6 dxc6 5. d3 g6 6. h3 Bg7 7. Nc3 O-O 8. Be3
b6 9. Qd2 Ne8 10. Bh6 Nc7 11. O-O Ne6 12. Bxg7 Kxg7 13. Ne2 Nd4 14. Nh2 e5 15.
Kh1 Nxe2 16. Qxe2 Qd4 17. b3 a5 18. a4 Be6 19. Nf3 Qc3 20. Rfd1 Rfd8 21. Rab1 f6
22. Kg1 Rab8 23. Qd2 Qxd2 24. Rxd2 Kf7 25. Ra1 Ke7 26. Kf1 Kd6 27. Rdd1 Kc7 28.
Ke2 Rf8 29. Ke3 Rbe8 30. Re1 Rd8 31. Kd2 c4 32. bxc4 Bxc4 33. Kc3 Bg8 34. d4
exd4+ 35. Nxd4 Rd7 36. Rad1 Re8 37. f3 Rde7 38. Rd3 f5 39. Rde3 Re5 40. Nb3 fxe4
41. Rxe4 Rxe4 42. fxe4 Bd5 43. Nd2 c5 44. Rf1 Bxe4 45. Rf7+ Kc6 46. Rf6+ Kc7 47.
Rf7+ Kb8 48. Rxh7 Bxg2 49. Nc4 Re6 50. h4 Bf3 51. Rg7 Be2 52. Rh7 Bf3 53. Rf7
Bd5 54. Rg7 Bb7 55. Rh7 Rf6 56. Rg7 Re6 57. Kb2 Ka7 58. Na3 Ka6 59. Nb5 Re4 60.
Nc7+ Ka7 61. Nb5+ Ka6 62. Nc7+ Ka7 63. Nb5+ 1/2-1/2

[Event "Chigorin Memorial 2014"]
[Site "St Petersburg RUS"]
[Date "2014.10.22"]
[Round "5.63"]
[White "Kharmunova, Nadezhda"]
[Black "Sadovsky, Artem"]
[Result "1-0"]
[WhiteTitle "WIM"]
[WhiteElo "2206"]
[BlackElo "2364"]
[WhiteFideId "4195876"]
[BlackFideId "4155840"]
[EventDate "2014.10.18"]

1. e4 c6 2. d4 d5 3. exd5 cxd5 4. Bd3 Nc6 5. c3 Nf6 6. h3 g6 7. Nf3 Bg7 8. O-O
O-O 9. Re1 Bf5 10. Bxf5 gxf5 11. Ne5 e6 12. Bg5 Qc7 13. Nd2 Nxe5 14. dxe5 Ne4
15. Nxe4 dxe4 16. Qh5 Qxe5 17. Rad1 f6 18. Be3 Rad8 19. Bxa7 Qa5 20. Bd4 Qxa2
21. Bc5 Rfe8 22. Rd7 Rf8 23. Bxf8 Rxd7 24. Qe8 Rf7 25. Ba3+ Bf8 26. Rd1 e5 27.
Rd7 f4 28. Rd8 e3 29. Bxf8 exf2+ 30. Kxf2 Qxb2+ 31. Kg1 1-0

[Event "Chigorin Memorial 2014"]
[Site "St Petersburg RUS"]
[Date "2014.10.22"]
[Round "5.64"]
[White "Mikhailov, Viacheslav"]
[Black "Grinblat, Artemiy"]
[Result "0-1"]
[WhiteTitle "FM"]
[WhiteElo "2357"]
[BlackElo "2100"]
[WhiteFideId "4187369"]
[BlackFideId "14135272"]
[EventDate "2014.10.18"]

1. c4 e6 2. g3 Nf6 3. Bg2 a6 4. Nf3 b5 5. d3 c5 6. O-O Bb7 7. b3 Be7 8. Bb2 Qb6
9. Nbd2 d6 10. e4 Nbd7 11. Ng5 h6 12. Nh3 O-O 13. f4 bxc4 14. dxc4 0-1

[Event "Chigorin Memorial 2014"]
[Site "St Petersburg RUS"]
[Date "2014.10.22"]
[Round "5.65"]
[White "Yandarbiev, Ruslan"]
[Black "Lantini, Marco"]
[Result "1-0"]
[WhiteTitle "IM"]
[WhiteElo "2339"]
[BlackElo "2035"]
[WhiteFideId "4115023"]
[BlackFideId "801054"]
[EventDate "2014.10.18"]

1. e4 c5 2. Nf3 e6 3. d4 cxd4 4. Nxd4 a6 5. Bd3 Nf6 6. Qe2 e5 7. Nf5 d6 8. Qf3
Nc6 9. Nc3 Bxf5 10. Qxf5 Nd4 11. Qh3 Qc8 12. Qg3 Be7 13. h3 b5 14. a3 O-O 15.
Be3 Ne6 16. O-O Qb7 17. Qf3 Bd8 18. Ne2 Re8 19. Ng3 g6 20. c3 Kg7 21. Rfd1 Bb6
22. Bh6+ Kxh6 23. Qxf6 Ng7 24. Qh4+ Nh5 25. Nxh5 gxh5 26. Qf6# 1-0

[Event "Chigorin Memorial 2014"]
[Site "St Petersburg RUS"]
[Date "2014.10.22"]
[Round "5.66"]
[White "Latyev, Yury"]
[Black "Bublei, Pavel"]
[Result "0-1"]
[BlackTitle "FM"]
[WhiteElo "2108"]
[BlackElo "2339"]
[WhiteFideId "4104145"]
[BlackFideId "24112593"]
[EventDate "2014.10.18"]

1. e4 c6 2. d4 d5 3. Nc3 dxe4 4. Nxe4 Bf5 5. Nc5 e5 6. Nxb7 Qb6 7. Nc5 exd4 8.
Nb3 c5 9. Qe2+ Be7 10. g4 Be6 11. Bg2 Nc6 12. Nh3 Nf6 13. g5 Nd5 14. Nf4 Nxf4
15. Bxf4 O-O 16. O-O Rac8 17. Rfe1 Rfe8 18. c4 Nb4 19. Be4 Bd6 20. Bxd6 Qxd6 21.
Qh5 g6 22. Qh4 d3 23. Rad1 Bf5 24. Bxf5 gxf5 25. a3 Nc2 26. Rxe8+ Rxe8 27. Qg3
f4 28. Qf3 Ne1 29. Qd5 Qg6 30. Nxc5 Qh5 31. Rxd3 Nxd3 32. Nxd3 Qg4+ 33. Qg2 Qe2
34. Qd5 Qd1+ 35. Kg2 Qg4+ 36. Kf1 Qh3+ 0-1

[Event "Chigorin Memorial 2014"]
[Site "St Petersburg RUS"]
[Date "2014.10.22"]
[Round "5.67"]
[White "Kowsarinia, Amir"]
[Black "Ngnegevo, Filipp"]
[Result "1-0"]
[WhiteTitle "FM"]
[WhiteElo "2331"]
[BlackElo "1936"]
[WhiteFideId "12500089"]
[BlackFideId "34112852"]
[EventDate "2014.10.18"]

1. d4 Nf6 2. c4 g6 3. Nc3 d5 4. cxd5 Nxd5 5. Bd2 Bg7 6. e4 Nxc3 7. Bxc3 O-O 8.
Rc1 Nc6 9. Nf3 Bg4 10. d5 Ne5 11. Be2 Bxf3 12. gxf3 Nd7 13. f4 Bxc3+ 14. Rxc3 e6
15. dxe6 fxe6 16. Rd3 Rf7 17. f5 exf5 18. exf5 Qe8 19. fxg6 hxg6 20. Rg1 Ne5 21.
Re3 Re7 22. Rg5 Rd8 23. Qb3+ Kf8 24. Qc3 Nd3+ 25. Kf1 Rxe3 26. Qf6+ 1-0

[Event "Chigorin Memorial 2014"]
[Site "St Petersburg RUS"]
[Date "2014.10.22"]
[Round "5.68"]
[White "Bodnaruk, Anastasia"]
[Black "Selivanov, Ivan"]
[Result "1-0"]
[WhiteTitle "IM"]
[WhiteElo "2440"]
[BlackElo "2000"]
[WhiteFideId "4181751"]
[BlackFideId "24199060"]
[EventDate "2014.10.18"]

1. e4 e5 2. Nf3 d6 3. d4 exd4 4. Nxd4 Nf6 5. Nc3 Nc6 6. Be2 Be7 7. O-O O-O 8.
Be3 Re8 9. f4 Bd7 10. Bf3 Nxd4 11. Bxd4 c5 12. Bf2 Bc6 13. g4 Bf8 14. Re1 b5 15.
e5 Bxf3 16. Qxf3 dxe5 17. fxe5 Nd7 18. Rad1 b4 19. Nb5 Rxe5 20. Rf1 Rb8 21. Nxa7
Rb6 22. Nc6 Qe8 23. Nxe5 Nxe5 24. Qe4 Rg6 25. Bg3 Rxg4 26. Qe2 Rg6 27. Rd5 f6
28. Rfd1 h5 29. Kh1 Rg5 30. Bxe5 fxe5 31. Rg1 Rf5 32. Rf1 Rxf1+ 33. Qxf1 Qc6 34.
Qc4 h4 35. Qe4 Qf6 36. Kg2 h3+ 37. Kxh3 Qf1+ 38. Kg3 Qg1+ 39. Qg2 Qe3+ 40. Qf3
Qg5+ 41. Kf2 Be7 42. Rd1 Qh4+ 43. Kg2 c4 44. h3 Qg5+ 45. Qg4 Qe3 46. Qxc4+ Kh8
47. Qc8+ Kh7 48. Qf5+ Kh6 49. Qf3 Qg5+ 50. Kh1 Kh7 51. Rg1 Qh4 52. Qf5+ Kg8 53.
Qe6+ Kh8 54. Qxe5 Bf6 55. Qb8+ Kh7 56. Qg3 Qe4+ 57. Qg2 Qe3 58. Qg6+ Kg8 59. Qd3
Qf4 60. a4 Be5 61. Qe2 Bxb2 62. Qe8+ Kh7 63. Qh5+ Kg8 64. Re1 Be5 65. Qxe5 1-0

[Event "Chigorin Memorial 2014"]
[Site "St Petersburg RUS"]
[Date "2014.10.22"]
[Round "5.69"]
[White "Kobzar, Alexandr"]
[Black "Sivuk, Vitaly"]
[Result "0-1"]
[BlackTitle "IM"]
[WhiteElo "2176"]
[BlackElo "2523"]
[WhiteFideId "14113660"]
[BlackFideId "14116502"]
[EventDate "2014.10.18"]

1. e4 c5 2. Nf3 Nc6 3. d4 cxd4 4. Nxd4 Nf6 5. Nc3 d6 6. f3 e5 7. Nb3 Be7 8. Be3
O-O 9. Qd2 Be6 10. Nd5 Bxd5 11. exd5 Nb8 12. c4 a5 13. Bd3 a4 14. Nc1 Qa5 15.
Qxa5 Rxa5 16. Ne2 Nbd7 17. Nc3 Rfa8 18. O-O Bd8 19. Nb5 Ne8 20. Kh1 Bb6 21. Bd2
R5a6 22. f4 g6 23. Rae1 Ba5 24. Nc3 Nc5 25. Bc2 f6 26. h4 Ng7 27. g4 Re8 28. Be3
a3 29. Rb1 axb2 30. Nb5 exf4 31. Bxf4 Re2 32. Bd1 Re1 33. Rxe1 Bxe1 34. Bxd6 Ne4
35. Bc2 Nxd6 36. Nxd6 Bg3 37. Nxb7 Rxa2 38. Nc5 f5 39. Kg2 Bxh4 40. gxf5 Nxf5
41. Bb3 Ra1 42. Rxb2 Bf6 43. Rd2 Bd4 44. Ne6 Be3 45. Rd3 Rg1+ 46. Kf3 Rg3+ 47.
Ke2 Rg2+ 48. Kf3 Rg3+ 49. Ke2 Rg2+ 50. Kd1 Kf7 51. c5 Rg1+ 52. Kc2 Rc1+ 53. Kb2
Rxc5 54. Nxc5 Bxc5 55. d6+ Ke8 56. d7+ Kd8 57. Be6 Nd4 58. Bh3 Bb6 59. Kc3 Ne2+
60. Kc4 Nf4 61. Rd1 Nxh3 62. Kb5 Nf2 63. Rd5 Bc7 64. Rd4 h5 65. Kc6 Ng4 66. Ra4
Ne5+ 67. Kd5 Kxd7 68. Ra6 h4 0-1

[Event "Chigorin Memorial 2014"]
[Site "St Petersburg RUS"]
[Date "2014.10.22"]
[Round "5.70"]
[White "Menkov, Aleksandr"]
[Black "Smirnov, Timofey"]
[Result "1/2-1/2"]
[WhiteElo "2170"]
[BlackElo "2419"]
[WhiteFideId "24160326"]
[BlackFideId "24176427"]
[EventDate "2014.10.18"]

1. e4 e5 2. Nf3 Nc6 3. Bc4 Bc5 4. c3 Nf6 5. d4 exd4 6. cxd4 Bb4+ 7. Nc3 Nxe4 8.
O-O Bxc3 9. d5 Ne5 10. Qe2 O-O 11. bxc3 Nxc4 12. Qxe4 Nd6 13. Qd3 Qf6 14. Ba3 b6
15. Rfe1 Bb7 16. Ne5 Rad8 17. c4 c5 18. Bb2 Qf4 19. Re3 f6 20. Rh3 Qf5 21. Qxf5
Nxf5 22. Ng4 Nd6 23. Rc3 Rfe8 24. Ne3 Re4 25. a4 Rc8 26. f3 Ree8 27. Kf2 Ba8 28.
Rb3 Rb8 29. Rc1 Rb7 30. g4 Nf7 31. h4 d6 32. Nf5 Rbb8 33. Rg1 Bb7 34. g5 Bc8 35.
Ne3 fxg5 36. hxg5 g6 37. Bf6 Bd7 38. Ra3 Rb7 39. f4 Bc8 40. Kf3 a6 41. Rb1 Bd7
42. Ng4 Bf5 43. Rb2 Bxg4+ 44. Kxg4 Re4 45. Kf3 Rxc4 46. Re3 Kf8 47. Rbe2 Rb8 48.
Re7 b5 49. Rxf7+ Kxf7 50. Re7+ Kf8 51. Rxh7 Re8 52. Rh8+ Kf7 53. Rh7+ Kf8 54.
Rh8+ 1/2-1/2

[Event "Chigorin Memorial 2014"]
[Site "St Petersburg RUS"]
[Date "2014.10.22"]
[Round "5.71"]
[White "Nazaretyan, Tigran"]
[Black "Sarana, Alexey"]
[Result "1/2-1/2"]
[WhiteElo "2168"]
[BlackElo "2411"]
[WhiteFideId "24162345"]
[BlackFideId "24133795"]
[EventDate "2014.10.18"]

1. d4 Nf6 2. c4 g6 3. Nc3 d5 4. Nf3 Bg7 5. Bg5 Ne4 6. Bh4 Nxc3 7. bxc3 dxc4 8.
Qa4+ Nd7 9. e3 O-O 10. Qa3 c5 11. Bxc4 Qc7 12. Rc1 e5 13. O-O b6 14. Qb3 Bb7 15.
Be7 b5 16. Bxb5 Rfe8 17. Bh4 Rab8 18. Qa4 Nb6 19. Qa3 Rec8 20. Bg3 f6 21. Ba6
Bxa6 22. Qxa6 cxd4 23. exd4 Qe7 24. c4 Rc6 25. c5 Rbc8 26. Rfe1 Qf7 27. dxe5
fxe5 28. Bxe5 Nd7 29. Qa3 Bh6 30. Rcd1 Nxc5 31. Ba1 Ra6 32. Qc3 Bg7 33. Qxg7+
Qxg7 34. Bxg7 Kxg7 35. Re2 Na4 36. Rd7+ Kf6 37. g4 Nc3 38. Re5 h6 39. h4 g5 40.
hxg5+ hxg5 41. Rf5+ Ke6 42. Rh7 Rxa2 43. Rh6+ Ke7 44. Nxg5 Rg8 45. Rf7+ Kd8 46.
Rd6+ Kc8 47. Rc6+ Kb8 48. Re6 Ne2+ 49. Kg2 Ra4 50. Re4 Rxe4 51. Nxe4 Rxg4+ 52.
Kf3 Rh4 53. Nd6 Nd4+ 54. Kg3 Rh6 55. Nf5 Rg6+ 56. Kf4 Nb5 57. Ne3 Nd6 58. Rf8+
Kb7 59. Ke5 Kc6 60. Nf5 Nc4+ 61. Kd4 Rg4+ 62. Kc3 Nb6 63. Nd4+ Kc5 64. Nb3+ Kd5
65. Rf5+ Ke6 66. Ra5 Nd5+ 67. Kd2 Rb4 1/2-1/2

[Event "Chigorin Memorial 2014"]
[Site "St Petersburg RUS"]
[Date "2014.10.22"]
[Round "5.72"]
[White "Dzhumagaliev, Yan"]
[Black "Abdusattorov, Nodirbek"]
[Result "1/2-1/2"]
[WhiteTitle "FM"]
[BlackTitle "FM"]
[WhiteElo "2415"]
[BlackElo "2212"]
[WhiteFideId "24100110"]
[BlackFideId "14204118"]
[EventDate "2014.10.18"]

1. Nf3 Nf6 2. c4 g6 3. Nc3 d5 4. cxd5 Nxd5 5. Qa4+ Bd7 6. Qh4 Nb6 7. d4 h5 8.
Bf4 Bg7 9. Qg3 c6 10. Bc7 Qc8 11. Be5 Rg8 12. h4 Bg4 13. Bxg7 Rxg7 14. Ne5 Be6
15. e4 N8d7 16. Nd3 Bc4 17. Rc1 Kf8 18. b3 Bxd3 19. Bxd3 Nf6 20. e5 Nfd5 21. Ne4
Kg8 22. O-O Kh8 23. f4 Qg4 24. Qf2 Rag8 25. Nc5 Qc8 26. Kh1 e6 27. Ne4 Qd8 28.
Bc4 Qe7 29. a4 a5 30. Qe1 Rd8 31. Qg3 Nd7 32. Bxd5 exd5 33. Ng5 f5 34. Rfe1 Re8
35. Qe3 Kg8 36. Rc3 Qd8 37. Qd2 Qb6 38. Rb1 Qb4 39. Qd3 Nf8 40. Rc5 Ne6 41. Nxe6
Rxe6 42. Rbc1 Re8 43. Kh2 Rf7 44. Rf1 Rff8 45. Rf3 Re6 46. Rg3 Kh7 1/2-1/2

[Event "Chigorin Memorial 2014"]
[Site "St Petersburg RUS"]
[Date "2014.10.22"]
[Round "5.73"]
[White "Nezad, Husein Aziz"]
[Black "Altshul, Raffael"]
[Result "1-0"]
[WhiteTitle "IM"]
[BlackTitle "FM"]
[WhiteElo "2400"]
[BlackElo "2174"]
[WhiteFideId "12100293"]
[BlackFideId "4120280"]
[EventDate "2014.10.18"]

1. d4 Nf6 2. c4 e6 3. Nf3 a6 4. Nc3 c5 5. d5 exd5 6. cxd5 b5 7. d6 b4 8. Na4 Qa5
9. Bg5 Bb7 10. Nd2 Bc6 11. b3 Bxa4 12. Nc4 Qb5 13. e3 Qb7 14. Bxf6 Bb5 15. Bb2
Nc6 16. Qd5 Nd8 17. Qxc5 Qc6 18. Qxb4 Bxc4 19. Qxc4 Qxd6 20. Qe4+ Be7 21. Qxa8
Qb4+ 22. Kd1 O-O 23. Qd5 Ne6 24. Bd3 1-0